Výskum vybraných ekonomicky významných faktorov podnikovej reputácie dizertačná práca

Guardado en:
Detalles Bibliográficos
Autor principal: Konečný, Michal, 1993-
Autor Corporativo: Fakulta podnikového manažmentu EU. Katedra podnikových financií
Otros Autores: Pollák, František, 1985-
Formato: Libro
Lenguaje:eslovaco
Publicado: Bratislava 2023
Materias:
Etiquetas: Agregar Etiqueta
Sin Etiquetas, Sea el primero en etiquetar este registro!

MARC

LEADER 00000nbm a2200000 4500
001 0297775
005 20240104141627.3
041 0 |a slo 
044 |a SK 
245 1 0 |a Výskum vybraných ekonomicky významných faktorov podnikovej reputácie  |b dizertačná práca  |c Michal Konečný ; školiteľ: František Pollák 
264 1 |a Bratislava  |c 2023 
300 |a 113 s. 
610 2 0 |a reputácia podniku 
610 2 0 |a zákazníci 
610 2 0 |a konkurencieschopnosť 
610 2 0 |a koronavírus 
100 1 |a Konečný, Michal, 1993- 
700 1 |a Pollák, František, 1985- 
710 2 |a Fakulta podnikového manažmentu EU. Katedra podnikových financií